| 000 | 01283nam1a22002531 4500 | ||
|---|---|---|---|
| 001 | rc\1092436 | ||
| 005 | 20050221173833.5 | ||
| 035 | _a(NLR Aleph) 008752947 | ||
| 090 |
_a7818599 _c7818599 |
||
| 100 | _a20041126g19 9999u |0rusy50 ca | ||
| 101 | 0 | _arus | |
| 102 | _aRU | ||
| 105 | _ay ||||||||| | ||
| 200 | 1 |
_aПрактикум по оптимизационным задачам макропроектирования сложных систем управления _eМетод. разработки _fИн-т повышения квалификации руководящих работников и специалистов судостроит. пром-сти _g[Д. т. н. Е.В. Ельяшкевич, к. т. н. П.Б. Антонов] |
|
| 210 |
_aЛ. _cИПК СД _d1984 |
||
| 215 | _d20 | ||
| 702 | 1 |
_aЕльяшкевич _bЕ. В. _gЕвгений Владимирович _4220 |
|
| 712 | 0 | 2 |
_aИнститут повышения квалификации руководящих работников и специалистов судостроительной промышленности _cЛенинград |
| 801 | 0 |
_aRU _bNLR _gpsbo |
|
| 801 | 1 |
_aRU _bELAR _2rusmarc |
|
| 801 | 2 |
_aRU _bNLR _c20050221 _2rusmarc |
|
| 852 |
_aNLR _j85-4/11603 |
||
| 942 | _cBOOK | ||
| 980 | _aNB | ||